REGRESNÝ MODEL VÝVOJA PREPRAVNÝCH POŽIADAVIEK V OSOBNEJ ŽELEZNIČNEJ DOPRAVE

Bibliographic Details
Main Author: Dolinayová, Anna, 1970- (Author)
Format: Article
Language:Slovak

MARC

LEADER 00000nab a2200000uu 4500
001 vtls010899518
003 SK-MaSNL
005 20260303131336.0
008 230218|2011 xo |||||||||||||||||slo|
015 |a SNBRB 
035 |a (urnnbn)urn:nbn:sk:snk:ar-a07hnt 
035 |a (uuid)d226cbc8-8cb9-443d-90a5-7ec2e2905233 
035 |a urn:nbn:sk:snk-ab8rgj 
040 |a SNKBUCL  |b slo  |c SNKBUCL  |e AACR2 
041 0 |a slo 
044 |a xo  |c SK 
100 1 |a Dolinayová, Anna,  |d 1970-  |4 aut  |9 202991 
245 1 0 |a REGRESNÝ MODEL VÝVOJA PREPRAVNÝCH POŽIADAVIEK V OSOBNEJ ŽELEZNIČNEJ DOPRAVE  |c Anna Dolinayová 
773 0 |t Ekonomicko-manažérske spektrum : vedecký časopis Fakulty prevádzky a ekonomiky dopravy a spojov Žilinskej univerzity v Žiline  |g Roč. 5, č. 2 (2011), s. 24-29 
954 |a odborná, vedecká literatúra pôvodná (slovenská)  |2 lita 
958 |a OND 
958 |a EUIPO 
958 |a article10 
999 |c 1944639  |d 1946569